INSTRUMENTAL METHODS OF CHEMICAL ANALYSIS VOL-1 SPECTOROSCOPY (Record no. 8268)

MARC details
000 -LEADER
fixed length control field 00454nam a22001697a 4500
005 - DATE AND TIME OF LATEST TRANSACTION
control field 20230403152011.0
008 - FIXED-LENGTH DATA ELEMENTS--GENERAL INFORMATION
fixed length control field 230401b |||||||| |||| 00| 0 eng d
041 ## - LANGUAGE CODE
Language code of text/sound track or separate title eng
082 ## - DEWEY DECIMAL CLASSIFICATION NUMBER
Classification number 543.08 SHA- I
100 ## - MAIN ENTRY--AUTHOR NAME
Personal name SHARMA ,RAO
245 ## - TITLE STATEMENT
Title INSTRUMENTAL METHODS OF CHEMICAL ANALYSIS VOL-1 SPECTOROSCOPY
250 ## - EDITION STATEMENT
Edition statement 33rd ed.
260 ## - PUBLICATION, DISTRIBUTION, ETC. (IMPRINT)
Name of publisher KRISHNA PRAKASHAN
Year of publication 2022
300 ## - PHYSICAL DESCRIPTION
Number of Pages S-952;P.
650 ## - SUBJECT ADDED ENTRY--TOPICAL TERM
Topical Term PHARMACY
General subdivision B. PHARMA
942 ## - ADDED ENTRY ELEMENTS (KOHA)
Koha item type Books
Holdings
Lost status Damaged status Collection code Home library Current library Shelving location Date acquired Source of acquisition Cost, normal purchase price Full call number Accession Number Koha item type
    Reference JRU Library JRU Library SHELF-4-E 27/03/2023 LOHIA BOOK INTERNATIONAL 1390.00 543.08 SHA- I 27629 Books
    PHARMACY JRU Library JRU Library Shelf - 21- H 27/03/2023 LOHIA BOOK INTERNATIONAL 1390.00 543.08 SHA- I 27630 Books
    PHARMACY JRU Library JRU Library Shelf - 21- H 27/03/2023 LOHIA BOOK INTERNATIONAL 1390.00 543.08 SHA- I 27631 Books